000 00461nam a22001697a 4500
005 20260312164525.0
008 260312b |||||||| |||| 00| 0 eng d
037 _cDSWL
040 _aDSWL
_cDSWL
041 _heng
100 _aWickramsinghe, M
_91131905
245 _aFeminist research methodology
260 _aNew Delhi,
_bZubaan Publication,
_c2014
300 _a335p
942 _2CC
_cTEXL
_n0
999 _c1715283
_d1715283